01619nam a2200277 a 4500001001000000005001700010008004100027041000800068044000700076084002000083100004500103245008700148260003200235300002200267500018300289500007000472500045100542500001000993546002501003650005201028650005601080650003401136650004501170700007601215740005001291BRCA_311220190320204122.0290109s1848----fr-a---###---#000-0dfre-u afre afr a418b.M35c18481 aCervantes Saavedra, Miguel ded1547-161610aL´Ingénieux Chevalier Don Quichotte de la ManchecMiguel de Cervantes Saavedra. aTours (Francia)bMamec1848 a2 v.bil.c21 cm. aContenido : v 1. Primera parte. Aviso del traductor. Noticia sobre Cervantes. Prólogo del autor. Texto. -- v 2. Segunda parte. Dedicatoria del autor. Prólogo del autor. Texto aEdición : Traduction Nouvelle, Illustrée par J. J. Grandville aTraducción anónima, muy abreviada. El traductor, por no causar la impaciencia de los lectores, suprimió la novela del Cautivo, la del El Curioso impertinente, etc., con lo cual la obra queda lastimosamente mutilada. Esta edición está profusamente ilustrada con buenos dibujos de Grandville y bien grabados por Rubierre. La parte tipográfica es excelente. Tela; lomeras y tapas adornadas con motivos quijotiles dorados Lúdovik Osterc aQM343 aTexto en : francés14aNovela españolayÉpoca clásica, 1500-170014aLiteratura españolayÉpoca clásica, 1500-170014aNovela españolaySiglo XVII14aDon Quijote (Personaje ficticio)eNovela1 aGrandville, J. J.d1803-1847qIsidore Gérard, Jean IgnaceeIlustrador0 aEl Ingenioso Hidalgo Don Quijote de la Mancha